City Rivalries between the 2 Largest Cities of the Country - Statistics

General Stats
  • This quiz has been taken 311 times
    87 since last reset
  • The average score is 31 of 50
Answer Stats
Country Population City % Correct
Australia 4,836,000 Sydney
97%
Australia 4,709,000 Melbourne
96%
Brazil 12,306,000 Rio de Janeiro
94%
Germany 4,286,000* Berlin
90%
Brazil 21,486,000 Sao Paulo
88%
Spain 6,798,000* Madrid
86%
India 31,190,000* Delhi
85%
India 25,189,000 Mumbai
83%
United States 21,396,000 New York
83%
China 24,042,000 Shanghai
82%
Spain 5,317,000 Barcelona
81%
Canada 6,837,000 Toronto
81%
United States 15,587,000 Los Angeles
79%
Canada 3,750,000 Montréal
78%
Italy 5,471,000 Milan
74%
Poland 2,028,000* Warsaw
74%
Pakistan 13,504,000 Lahore
73%
Netherlands 3,027,000 Rotterdam-Hague
73%
Germany 6,769,000 Essen-Dusseldorf
72%
China 27,119,000 Guangzhou-Foshan
72%
Pakistan 20,249,000 Karachi
72%
Netherlands 1,736,000* Amsterdam
69%
Venezuela 2,521,000* Caracas
69%
Italy 3,653,000 Naples
69%
Ecuador 2,778,000* Quito
65%
Bolivia 2,069,000* La Paz
64%
Saudi Arabia 8,309,000* Riyadh
64%
Saudi Arabia 5,408,000 Jeddah
63%
Switzerland 863,000 Zurich
62%
Switzerland 612,000 Geneva
59%
Israel 3,006,000 Tel Aviv
55%
Ghana 5,785,000* Accra
53%
Syria 2,859,000 Aleppo
50%
Syria 3,155,000* Damascus
50%
Ecuador 3,183,000 Guayaquil
50%
Israel 1,847,000* Jerusalem
49%
Bolivia 2,230,000 Santa Cruz
45%
Cameroon 3,751,000 Douala
42%
Venezuela 2,219,000 Maracaibo
41%
Honduras 1,599,000* Tegucigalpa
41%
Libya 1,242,000* Tripoli
41%
Poland 1,903,000 Katowice-Gliwice-Tychy
40%
Cameroon 4,642,000* Yaounde
40%
Kazakhstan 2,447,000 Almaty
38%
Libya 699,000 Benghazi
29%
Ghana 4,794,000 Kumasi
28%
Honduras 1,155,000 San Pedro Sula
26%
Malawi 1,196,000* Lilongwe
17%
Kazakhstan 1,369,000 Shymkent
17%
Malawi 906,000 Blantyre
13%
No matching quizzes found
Score Distribution
Percent of People with Each Score
Percentile by Number Answered
Your Score History
You have not taken this quiz since the last reset